| 000 | 00000nam##2200000za#4500 |
| 001 | 9.646478 |
| 003 | CaOODSP |
| 005 | 20200330121456 |
| 007 | ta |
| 008 | 150407|1997||||xxc||||| f|0| 0 eng|d |
| 020 | |a0-662-25439-2 |
| 040 | |aCaOODSP|beng |
| 043 | |an-cn--- |
| 086 | 1 |aA22-166/1-1997E |
| 110 | 1 |aCanada. |bAgriculture and Agri-Food Canada. |
| 245 | 10|aAgriculture in harmony with nature: strategy for environmentally sustainable agriculture and agri-food development in Canada |
| 260 | |aOttawa - Ontario : |bAgriculture and Agri-Food Canada |c1997. |
| 300 | |ax, 72p. : |billus., references ; |c28 cm. |
| 500 | |a"This strategy is intended to provide decision makers in the sector and the department with useful tools and information to help make the Canadian agriculture and agri-food sector's environmental performance a factor that enhances its growth prospects rather than limits them."--Executive summary. |
| 520 | 3 |aThis strategy is intended to provide decision makers in the sector and the department with useful tools and information to help make the Canadian agriculture and agri-food sector's environmental performance a factor that enhances its growth prospects rather than limits them.--Executive summary |
| 563 | |aSoftcover |
| 590 | |a97-19|b1997-05-09 |
| 690 | 07|aAgri-food industry|2gcpds |
| 775 | 08|tAgriculture en harmonie avec la nature: stratégie pour un environnement agricole et agroalimentaire durable au Canada |w(CaOODSP)9.680025 |
| 776 | 0#|tAgriculture in harmony with nature : |w(CaOODSP)9.693506 |
| 986 | |aPublication 1937/E |